|
|
|
|
| LEADER |
00000nlm0a2200000 4500 |
| 001 |
184832 |
| 005 |
20231101223856.0 |
| 035 |
|
|
|a (RuTPU)RU\TPU\book\200461
|
| 090 |
|
|
|a 184832
|
| 100 |
|
|
|a 20100922d2010 k y0rusy50 ca
|
| 101 |
0 |
|
|a rus
|
| 102 |
|
|
|a RU
|
| 105 |
|
|
|a a dm 000zy
|
| 135 |
|
|
|a drbn ---uucaa
|
| 181 |
|
0 |
|a i
|
| 182 |
|
0 |
|a b
|
| 200 |
1 |
|
|a Формирование радиационных показателей в процессе гидрозолоудаления и хранения золошлаковых отходов буроугольных ТЭС (на прмере Березовской ГРЭС-1)
|b Электронный ресурс
|e автореферат диссертации на соискание ученой степени кандидата геолого-минералогических наук
|e спец. 25.00.36
|f С. Л. Крафт
|g Сибирский федеральный университет (СФУ), Институт градостроительства, управления и региональной экономики (ИГУРЭ) ; науч. рук. Р. А. Назиров
|
| 203 |
|
|
|a Текст
|c электронный
|
| 210 |
|
|
|a Томск
|d 2010
|
| 215 |
|
|
|a 1 файл (450 Kb)
|
| 230 |
|
|
|a Электронные текстовые данные (1 файл : 450 Kb)
|
| 300 |
|
|
|a Заглавие с титульного экрана
|
| 300 |
|
|
|a Электронная версия печатной публикации
|
| 337 |
|
|
|a Adobe Reader
|
| 452 |
|
1 |
|0 (RuTPU)RU\TPU\book\198010
|t Формирование радиационных показателей в процессе гидрозолоудаления и хранения золошлаковых отходов буроугольных ТЭС (на прмере Березовской ГРЭС-1)
|o автореферат диссертации на соискание ученой степени кандидата геолого-минералогических наук
|o спец. 25.00.36
|f С. Л. Крафт
|g Сибирский федеральный университет (СФУ), Институт градостроительства, управления и региональной экономики (ИГУРЭ) ; науч. рук. Р. А. Назиров
|c Томск
|d 2010
|p 23 с.
|a Крафт, Светлана Леопольдовна
|
| 606 |
1 |
|
|a Тепловые электрические станции
|x Золоуловители
|x Золоудаление
|2 stltpush
|3 (RuTPU)RU\TPU\subj\59615
|9 77125
|
| 610 |
1 |
|
|a гидрозолоудаление
|
| 610 |
1 |
|
|a золошлаковые отходы
|
| 610 |
1 |
|
|a исследование
|
| 610 |
1 |
|
|a физико-химические методы
|
| 610 |
1 |
|
|a состав
|
| 610 |
1 |
|
|a свойства
|
| 610 |
1 |
|
|a бурый уголь
|
| 610 |
1 |
|
|a сжигание
|
| 610 |
1 |
|
|a золошлакоудаление
|
| 610 |
1 |
|
|a радионуклидный состав
|
| 610 |
1 |
|
|a родон
|
| 610 |
1 |
|
|a авторефераты диссертаций
|
| 610 |
1 |
|
|a электронный ресурс
|
| 675 |
|
|
|a 621.311.22.002.5:621.182.9(04)
|v 3
|
| 686 |
|
|
|a 25.00.36
|2 oksvnk
|
| 700 |
|
1 |
|a Крафт
|b С. Л.
|g Светлана Леопольдовна
|
| 702 |
|
1 |
|a Назиров
|b Р. А.
|g Рашит Анварович
|4 727
|
| 712 |
0 |
2 |
|a Сибирский федеральный университет (СФУ)
|b Институт градостроительства, управления и региональной экономики (ИГУРЭ)
|c (Красноярск)
|c (2007- )
|2 stltpush
|3 (RuTPU)RU\TPU\col\16124
|
| 801 |
|
1 |
|a RU
|b 63413507
|c 20100922
|
| 801 |
|
2 |
|a RU
|b 63413507
|c 20150408
|g RCR
|
| 856 |
4 |
|
|u http://www.lib.tpu.ru/fulltext/a/2010/14.pdf
|
| 942 |
|
|
|c CF
|